000 00699nam a2200289Ia 4500
005 20260324112034.0
008 008 260324s9999 xx 000 0 eng d
020 _a9781003281818
037 _aEBOOK
040 _aCRL
040 _beng
040 _cCRL
041 _2eng
041 _aeng
084 _qCRL
100 _aAnnika Bose Styczynski
_91141048
245 0 _aIndia’s Energy Revolution
245 0 _bInsights into the Becoming of a Global Power
260 _bTaylor and Francis
260 _c2024
365 _a
365 _b230
856 _uhttp://www.taylorfrancis.com/books/9781003281818
942 _cEBOOK
999 _c1730087
_d1730087